| 000 | 00829nam a22002175i 4500 | ||
|---|---|---|---|
| 001 | 158026 | ||
| 003 | ES-MaACL | ||
| 005 | 20250907063119.0 | ||
| 008 | 940202m18951896sp |||| | spa d | ||
| 040 |
_aCAM _bspa |
||
| 100 | 1 |
_aLópez Ferreiro, Antonio, _d1837-1910 _973640 |
|
| 245 | 1 | 0 |
_aFueros municipales de Santiago y de su tierra / _cpor... Antonio López Ferreiro. |
| 260 |
_aSantiago : _b[s.n.], _c1895 ( _fImp. y Enc. del Seminario Conciliar Central) |
||
| 300 |
_a2 v. (XIII, 393; 321 p.) ; _c25 cm. |
||
| 500 | _aTexto en español; apéndice en español y latín. | ||
| 596 | 1 | _aFecha de cub. del vol. II: 1896. | |
| 650 | 4 |
_aFueros- _zSantiago de Compostela. _9157679 |
|
| 651 | 4 |
_aSantiago de Compostela- _xHistoria. _9157680 |
|
| 852 |
_aES-MaACL _jC-640-41 _z-- Enc. hol. |
||
| 999 |
_c158026 _d158026 |
||